A KÖZÖSSÉGI AGRÁRPOLITIKA KERETÉBEN NYÚJTOTT TÁMOGATÁSOK JELLEMZÉSE, KITEKINTÉSSEL A HAZAI FEJLESZTÉSI STRATÉGIÁKRA ( MINT PL. ÚJ MAGYARORSZÁG FEJLESZTÉSI TERV, ÚJ MAGYARORSZÁG VIDÉKFEJLESZTÉSI PROGRAM)

Bibliográfiai részletek
Szerző: Kirs Jenifer
További közreműködők: Harsányi Dr. Gergely
Dokumentumtípus: Diplomadolgozat
Kulcsszavak:Közös Agrárpolitika
Támogatások
Mezőgazdaság
Online Access:http://dolgozattar.uni-bge.hu/9739

MARC

LEADER 00000nta a2200000 i 4500
001 dolg9739
005 20161219165320.0
008 161219suuuu hu om 000 hun d
040 |a BGE Dolgozattár Repozitórium  |b hun 
041 |a hu 
100 1 |a Kirs Jenifer 
245 1 2 |a A KÖZÖSSÉGI AGRÁRPOLITIKA KERETÉBEN NYÚJTOTT TÁMOGATÁSOK JELLEMZÉSE, KITEKINTÉSSEL A HAZAI FEJLESZTÉSI STRATÉGIÁKRA ( MINT PL.  |b ÚJ MAGYARORSZÁG FEJLESZTÉSI TERV, ÚJ MAGYARORSZÁG VIDÉKFEJLESZTÉSI PROGRAM)   |c Kirs Jenifer  |h [elektronikus dokumentum] 
695 |a Közös Agrárpolitika 
695 |a Támogatások 
695 |a Mezőgazdaság 
700 1 |a Harsányi Dr. Gergely  |e ths 
856 4 0 |u http://dolgozattar.uni-bge.hu/9739/1/Szakdolgozat.%20Kirs%20Jenifer.pdf  |z Dokumentum-elérés 
856 4 0 |u http://dolgozattar.uni-bge.hu/9739/2/Nyilatkozat%20Kirs%20Jenifer.pdf  |z Dokumentum-elérés 
856 4 0 |u http://dolgozattar.uni-bge.hu/9739/3/Titkos%C3%ADt%C3%A1si%20K%C3%A9relem%20Kirs%20Jenifer.pdf  |z Dokumentum-elérés